000 00983cab a2200277 4500
001 ABS48730
008 090401t1993 xxu||||| |||| 00| 0 eng d
035 _a(Sirsi) u68321
041 _aeng
100 _aEmeny, R.
245 _aRates: the material date and the effective date
260 _c1993
350 _a0
490 _aJournal of Property Valuation and Investment
_v11(3), 1993, 271-278(8)
520 _aOverviews the two major changes in the rating system which came into force on 1 April 1992. (1) one of the two days, by reference to which a valuation for rating has to be made, and (2) the day from which a change in the rates payable takes effect, following a change in the list.
650 _aALTERATIONS
650 _aANTECEDENT DAY
650 _aEFFECTIVE DATE
650 _aMATERIAL DAY
650 _aRATING APPEALS
650 _aRATING LISTS
650 _aRATING REFORM
690 _aRATING AND VALUATION
942 _n0
948 _c04/03/1997
999 _c42865
_d42865